000 00878nam a2200205 i 4500
001 161928
003 ES-MaACL
005 20240317063006.0
008 940301s1899 sp af |||| | spa d
100 1 _aPérez-Villamil, Manuel,
_d1849-1917
_991209
245 1 3 _aLa catedral de Sigüenza erigida en el siglo XII
_b: con noticias nuevas para la historia del arte en España, sacadas de documentos de su Archivo /
_cpor Manuel Pérez-Villamil.
260 _aMadrid :
_b[s.n.],
_c1899 (
_fTip. Herres, a cargo de José Quesada)
300 _aXIX, 482 p., [16] h. de lám. :
_bil. ;
_c24 cm.
490 1 _aEstudios de historia y arte
610 2 _aCatedral de Sigüenza.
_92528
651 4 _aSigüenza-
_xEdificios, estructuras, etc.
_9165854
830 0 _aEstudios de historia y arte
_9222152
852 _aES-MaACL
_jB-4965
_z- Enc. hol.
999 _c161928
_d161928